[Event "Novokuznetsk op"]
[Site "Novokuznetsk"]
[Date "2008.08.17"]
[Round "6"]
[White "Morozov, Vasiliy"]
[Black "Krapivina, Rimma"]
[Result "1-0"]
[WhiteElo "2055"]
[BlackElo "2017"]
[PlyCount "73"]
[EventDate "2008.08.12"]
[EventType "swiss"]
[EventRounds "9"]
[EventCountry "RUS"]
[SourceTitle "EXT 2022"]
[Source "ChessBase"]
[SourceDate "2021.10.06"]
[SourceVersion "1"]
[SourceVersionDate "2021.10.06"]
[SourceQuality "1"]

1. Nf3 d5 2. c4 d4 3. b4 Bg4 4. Ne5 Bh5 5. g4 Qd6 6. Qa4+ c6 7. gxh5 Qxe5 8. d3 Qxh5 9. Na3 Nd7 10. Bg2 Nb6 11. Qb3 e5 12. b5 Rc8 13. Nc2 Nf6 14. a4 Rc7 15. a5 Nbd7 16. a6 bxa6 17. Bxc6 axb5 18. Qxb5 Be7 19. Rxa7 Bd8 20. Rxc7 Bxc7 21. Ba3 Kd8 22. Nxd4 Nb8 23. Nf3 Qf5 24. Rg1 g6 25. Ng5 Nfd7 26. Qd5 Ke8 27. h4 Qf6 28. Qb5 Qxc6 29. Kd2 Qxb5 30. cxb5 Ba5+ 31. Kc2 f5 32. Bb2 Nf6 33. Ra1 Bd8 34. Ra8 Nbd7 35. Rxd8+ Kxd8 36. Nf7+ Kc7 37. Nxh8 1-0

[Event "Sibiria Region-ch (Women)"]
[Site "Novokuznetsk"]
[Date "2008.03.19"]
[Round "7"]
[White "Stavskaya, Olga"]
[Black "Krapivina, Rimma"]
[Result "1-0"]
[WhiteElo "2036"]
[BlackElo "2103"]
[PlyCount "111"]
[EventDate "2008.03.13"]
[EventType "swiss"]
[EventRounds "9"]
[EventCountry "RUS"]
[SourceTitle "CBM 123 Extra"]
[Source "ChessBase"]
[SourceDate "2008.05.06"]
[SourceVersion "1"]
[SourceVersionDate "2008.05.06"]
[SourceQuality "1"]

1. d4 d5 2. Nf3 Nf6 3. g3 g6 4. Bg2 Bg7 5. 0-0 Nbd7 6. c4 c6 7. cxd5 cxd5 8. Nc3 Nb6 9. Ne5 0-0 10. a4 Be6 11. a5 Nc8 12. Qb3 Nd6 13. a6 Rb8 14. axb7 Rxb7 15. Qa4 Nfe4 16. Qa5 Qxa5 17. Rxa5 Bxe5 18. dxe5 Nc4 19. Ra4 Nxc3 20. bxc3 Nxe5 21. Be3 a5 22. Rxa5 Nc4 23. Ra7 Nxe3 24. Rxb7 Nxf1 25. Kxf1 Ra8 26. f4 Kf8 27. Rb5 Rd8 28. Kf2 f5 29. Ke3 Bf7 30. Kd4 e6 31. Bf3 Rc8 32. Rc5 Ra8 33. Rc7 h5 34. Ke5 Kg7 35. c4 Ra5 36. c5 Ra8 37. c6 Ra6 38. Rc8 Rb6 39. Kd6 Kf6 40. Ra8 Kg7 41. Kc5 Rb1 42. c7 Rc1+ 43. Kd6 Rxc7 44. Kxc7 Kf6 45. Kd6 g5 46. fxg5+ Kxg5 47. Rf8 Bg6 48. h4+ Kh6 49. Kxe6 Kg7 50. Rb8 d4 51. Rb7+ Kg8 52. Kf6 Be8 53. Rb8 Kh7 54. Rxe8 f4 55. gxf4 d3 56. Be4+ 1-0

[Event "Sibiria Region-ch (Women)"]
[Site "Novokuznetsk"]
[Date "2008.03.15"]
[Round "3"]
[White "Krapivina, Rimma"]
[Black "Kaidalina, Anna"]
[Result "1-0"]
[WhiteElo "2103"]
[BlackElo "1957"]
[PlyCount "49"]
[EventDate "2008.03.13"]
[EventType "swiss"]
[EventRounds "9"]
[EventCountry "RUS"]
[SourceTitle "CBM 123 Extra"]
[Source "ChessBase"]
[SourceDate "2008.05.06"]
[SourceVersion "1"]
[SourceVersionDate "2008.05.06"]
[SourceQuality "1"]

1. d4 Nf6 2. c4 d6 3. Nc3 g6 4. e4 Bg4 5. f3 Bd7 6. Be3 Nc6 7. a3 Bg7 8. Bd3 e5 9. d5 Ne7 10. Nge2 0-0 11. Qd2 c6 12. g4 cxd5 13. exd5 h5 14. h3 a6 15. Ng3 h4 16. Nge4 Nxe4 17. Nxe4 Be8 18. Bg5 f6 19. Bxh4 b5 20. b3 Bf7 21. Bxf6 Bxf6 22. Nxf6+ Kg7 23. Ne4 Bxd5 24. cxd5 Rxf3 25. Ng5 1-0